Score 0/52 Timer 06:00
2 Plays Today
Chapter Title Missing Word % Correct
The Boy Who ___Lived
98.4%
The Journey from ___ Nine and Three QuartersPlatform
95.2%
Luna ___Lovegood
91.5%
Mad-Eye ___Moody
91.2%
The ___ of ErisedMirror
90.2%
___'s ArmyDumbledore
90.1%
The ___ of the PhoenixOrder
89.5%
The ___ WillowWhomping
88.5%
Aboard the Hogwarts ___Express
88.5%
___ Skeeter's ScoopRita
88.3%
The Heir of ___Slytherin
88%
The Man with Two ___Faces
87.8%
The ___'s MapMarauder
85.8%
In the Hog's ___Head
85.5%
Moony, Wormtail, Padfoot, and ___Prongs
85.5%
___ FudgeCornelius
84.8%
The Will of ___ DumbledoreAlbus
84.7%
The ___'s KissDementor
83.5%
The ___ CauldronLeaky
81.6%
Norbert the ___ RidgebackNorwegian
79.7%
Professor ___'s PredictionTrelawney
79%
The ___ WandElder
78.6%
___ FelicisFelix
77.7%
Beauxbatons and ___Durmstrang
75.6%
___'s WarningDobby
75.5%
___ SlughornHorace
75.1%
Chapter Title Missing Word % Correct
The Tale of the Three ___Brothers
74.6%
___ ManorMalfoy
74.5%
The Sorting Hat's New ___Song
74.1%
The Death ___Eaters
72.7%
The Department of ___Mysteries
72.5%
Number Twelve, ___ PlaceGrimmauld
72.1%
Weasleys' Wizard ___Wheezes
71.4%
The Rogue ___Bludger
67.5%
The Weighing of the ___Wands
67.3%
St. Mungo's Hospital for Magical ___ and InjuriesMaladies
65%
The ___ in the WardrobeBoggart
64.4%
Detention with ___Dolores
56.1%
The House-Elf ___ FrontLiberation
54.2%
The ___ TombWhite
54.1%
The ___ DoeSilver
53.8%
The ___ in the PlanFlaw
51%
The ___ MinisterOther
50.8%
The House of ___Gaunt
42.3%
___ and MurmursMudbloods
41.7%
Bathilda's ___Secret
38.2%
___'s DetourDraco
37%
The Final ___ PlaceHiding
29.7%
Flight of the ___Prince
27.6%
The ___ DepartingDursleys
26.5%
The ___ of Severus SnapeSacking
25.6%
The ___'s RevengeGoblin
20.5%

Today's Daily Dose

Remove Ads.
Support Sporcle.
Get the best of Sporcle when you Go Orange. This ad-free experience offers more features, more stats, and more fun while also helping to support Sporcle. Thank you for becoming a member.

You're not logged in!

Compare scores with friends on all Sporcle quizzes.
OR
Log In

Show Comments

Extras

Top Quizzes Today


Score Distribution

Your Account Isn't Verified!

In order to create a playlist on Sporcle, you need to verify the email address you used during registration. Go to your Sporcle Settings to finish the process.

Report this User

Report this user for behavior that violates our Community Guidelines.

Details: